Statistics for Countries That Don't Exist Anymore

Click here to take the quiz!

General Stats

  • This quiz has been taken 2,532 times
    (732 since last reset)
  • The average score is 9 of 12

Answer Stats

HintCountry% Correct
Founded in 1922, competed with the USA in the Cold War, dissolved 1991USSR
94%
Balkan country led by Josip Broz TitoYugoslavia
87%
Assassination of this nation's Archduke sparked the First World WarAustro-Hungary
84%
Eastern Bloc nation divided alongside the below, East Berlin the de facto capitalEast Germany
82%
Transcontinental empire, conquered Constantinople in 1493, dissolved after the First World WarOttoman Empire
80%
Central European nation divided in 1992, site of the Velvet RevolutionCzechoslovakia
75%
Western Bloc nation divided alongside the above, capital city BonnWest Germany
72%
Prominent German state, important power under Frederick the GreatPrussia
69%
Region of East Asia, home to the Dalai LamaTibet
68%
Largest pre-Columbian American empire, now mostly modern-day PeruInca Empire
62%
Alliance of three city states in modern-day Mexico, conquered by Hernán CortésAztec Empire
56%
Not a country, name of late Palaeozoic/early Mesozoic supercontinentPangaea
52%

Score Distribution

Percentile by Number Answered

Percent of People with Each Score

Your Score History

You have not taken this quiz since the last reset